MARC

LEADER 00000nam0a2200000 4500
001 300763
005 20231102001332.0
020 |a RU  |b 82-93329 
035 |a (RuTPU)RU\TPU\book\325916 
090 |a 300763 
100 |a 20150716d1982 k y0rusy5003 ca 
101 0 |a eng 
102 |a RU 
105 |a a z 101zy 
200 1 |a Возможности и ограничения сверхпроводящих магнитов ускорителей  |e III Международный семинар ИКФА, Протвино, СССР, 19-23 октября 1981г.г.  |f Институт физики высоких энергий (ГНЦ ИФВЭ)  |d Possibilites and Limitations for Superconducting Accelerator Magnets 
210 |a Серпухов  |c Изд-во ИФВЭ  |d 1982 
215 |a 212 с.  |c ил. 
510 1 |a Possibilites and Limitations for Superconducting Accelerator Magnets  |z eng  |e Protvino, USSR, 19023 October, 1981 
606 1 |a Ускорители заряженных частиц  |2 stltpush  |3 (RuTPU)RU\TPU\subj\74441  |9 86712 
610 1 |a магнитные системы 
610 1 |a магниты сверхпроводящие 
610 1 |a технологии 
610 1 |a конструкции 
610 1 |a криогенное обеспечение 
610 1 |a сверхвысокие энергии 
610 1 |a семинары 
675 |a 621.384.6(063)  |z rus  |v 3 
712 0 2 |a Институт физики высоких энергий (ГНЦ ИФВЭ)  |c Государственный научный центр Российской Федерации  |c (Протвино)  |2 stltpush  |3 (RuTPU)RU\TPU\col\164 
712 1 2 |a Возможности и ограничения сверхпроводящих магнитов ускорителей  |c международный семинар  |d 3  |e Протвино  |f 1981  |4 570 
801 0 |a RU  |b RuMRKP  |c 19950704  |g psbo 
801 1 |a RU  |b 63413507  |c 20150716 
801 2 |a RU  |b 63413507  |c 20180619  |g RCR 
942 |c BK